Ten things I hate about me / (Record no. 51)

MARC details
000 -LEADER
fixed length control field 01221nam a22003497a 4500
001 - CONTROL NUMBER
control field 51
003 - CONTROL NUMBER IDENTIFIER
control field FISKH
005 - DATE AND TIME OF LATEST TRANSACTION
control field 20231211151335.0
008 - FIXED-LENGTH DATA ELEMENTS--GENERAL INFORMATION
fixed length control field 230217b cb ||||| |||| 00| 0 eng d
010 ## - LIBRARY OF CONGRESS CONTROL NUMBER
LC control number 2008013667
020 ## - INTERNATIONAL STANDARD BOOK NUMBER
International Standard Book Number 97805450505562
040 ## - CATALOGING SOURCE
Original cataloging agency DLC
Transcribing agency DLC
Modifying agency DLC
042 ## - AUTHENTICATION CODE
Authentication code lcac
050 00 - LIBRARY OF CONGRESS CALL NUMBER
Classification number PZ7.A15892
Item number Te 2009
082 00 - DEWEY DECIMAL CLASSIFICATION NUMBER
Classification number 823.4
Edition number 22
100 1# - MAIN ENTRY--PERSONAL NAME
Personal name Abdel-Fattah, Randa
245 10 - TITLE STATEMENT
Title Ten things I hate about me /
Statement of responsibility, etc. Randa Abdel-Fattah.
250 ## - EDITION STATEMENT
Edition statement First Scholastic paperback printing, May 2010
260 ## - PUBLICATION, DISTRIBUTION, ETC.
Place of publication, distribution, etc. New York :
Name of publisher, distributor, etc. Scholastic,
Date of publication, distribution, etc. 2010
300 ## - PHYSICAL DESCRIPTION
Extent 297 pages ;
Dimensions 21 cm
520 ## - SUMMARY, ETC.
Summary, etc. Lebanese-Australian Jamilah, known in school as Jamie, hides her heritage from her classmates and tries to pass by dyeing her hair blonde and wearing blue-tinted contact lenses, until her conflicted feelings become too much for her to bear.
521 8# - TARGET AUDIENCE NOTE
Target audience note 720
Source Lexile
650 #1 - SUBJECT ADDED ENTRY--TOPICAL TERM
Topical term or geographic name entry element Identity
Form subdivision Fiction.
650 #1 - SUBJECT ADDED ENTRY--TOPICAL TERM
Topical term or geographic name entry element Self-acceptance
Form subdivision Fiction.
650 #1 - SUBJECT ADDED ENTRY--TOPICAL TERM
Topical term or geographic name entry element Prejudices
Form subdivision Fiction.
650 #1 - SUBJECT ADDED ENTRY--TOPICAL TERM
Topical term or geographic name entry element High schools
Form subdivision Fiction.
650 #1 - SUBJECT ADDED ENTRY--TOPICAL TERM
Topical term or geographic name entry element Schools
Form subdivision Fiction.
650 #1 - SUBJECT ADDED ENTRY--TOPICAL TERM
Topical term or geographic name entry element Lebanese
Geographic subdivision Australia
Form subdivision Fiction.
651 #1 - SUBJECT ADDED ENTRY--GEOGRAPHIC NAME
Geographic name Australia
Form subdivision Fiction.
906 ## - LOCAL DATA ELEMENT F, LDF (RLIN)
a 7
b cbc
c orignew
d 1
e ecip
f 20
g y-gencatlg
942 ## - ADDED ENTRY ELEMENTS (KOHA)
Source of classification or shelving scheme Dewey Decimal Classification
Koha item type Books
Suppress in OPAC No
Holdings
Withdrawn status Lost status Source of classification or shelving scheme Damaged status Not for loan Collection Home library Current library Shelving location Date acquired Total Checkouts Full call number Barcode Date last seen Date last checked out Price effective from Koha item type
    Library of Congress Classification     Juvenile Fiction Footprints International School Library Network Toul Kork Campus Footprints International School Library Network Toul Kork Campus   02/17/2023 1 ABD 823.4 PZ7.A15892 FISSE02347 01/26/2024 01/12/2024 02/17/2023 Books